000 00344nam a22001337u 4500
008 130405s1931 xxu||||| |||| 00| 0 spa d
041 _aspa
100 1 _aCastro Albarran, Aniceto
_926171
245 0 0 _aPolvo de sus sandalias
_cAniceto Castro Albarran
260 _aSalamanca,
_c1931
300 _a252 p.
_c;20 cm.
942 _cBK
001 92246
999 _c249213
_d249213